Orientaciones didácticas para el desarrollo de competencias matemáticas (Registro nro. 303433)
[ vista simple ]
| 000 -ENCABEZADO | |
|---|---|
| Número de control [NR] | 01405 a2200277 4500 |
| 005 - FECHA Y HORA DE LA ÚLTIMA TRANSACCIÓN | |
| control field | 20160526121134.0 |
| 008 - DE LONGITUD FIJA DE DATOS DE ELEMENTOS - INFORMACIÓN GENERAL | |
| Elementos de longitud fija [NR] | 160526s2015 ck ado|| |||| 000 0 spa d |
| 020 ## - NUMERO INTERNACIONAL NORMALIZADO PARA LIBROS [R] | |
| Número Internacional Normalizado del libro [NR] | 9789588770505 |
| 040 ## - FUENTE DE CATALOGACION [NR] | |
| Agencia de catalogación original [NR] | CO-BoUCM |
| Idioma de catalogación [NR] | spa |
| Quien Cataloga | Saul Niño |
| Quien Clasifica | Saul Niño |
| 041 0# - CODIGO DE IDIOMA [R] | |
| Código de idioma para texto/pista de sonido o título separado [R] | Español |
| 100 1# - ASIENTO PRINCIPAL--NOMBRE PERSONAL [NR] | |
| Nombre personal [NR] | García Quiroga, Bernardo |
| ID Autoridad | 77429 |
| 245 10 - MENCION DE TITULO [NR] | |
| Título [NR] | Orientaciones didácticas para el desarrollo de competencias matemáticas |
| Mención de responsabilidad, etc. [NR] | Bernardo García Quiroga, Arnulfo Coronado, Albeiro Giraldo Ospina |
| 260 ## - PUBLICACION, DISTRIBUCION, ETC. (PIE DE IMPRENTA) [R] | |
| Lugar de publicación, distribución, etc. [R] | Florencia (Caquetá, Colombia) |
| Nombre del editor, distribuidor, etc. [R] | Universidades de la Amazonia |
| Fecha de publicación, distribución, etc. [R] | 2015 |
| 300 ## - DESCRIPCION FISICA [R] | |
| Extensión [R] | 251 páginas |
| Otros detalles físicos [NR] | ilustraciones, gráficas, fotografías |
| 500 ## - NOTA GENERAL [R] | |
| Nota general [NR] | En pasta: ''Se pretende convertir la escuela en empresa que tiene como objeto fenal el rendimiento. Esto se convertiría en una trampa mortal para los desheredados de la tierra'' Pablo Freire |
| 504 ## - NOTA DE BIBLIOGRAFIA, ETC. [R] | |
| Nota de bibliografía, etc. [NR] | Incluye referencias bibliográficas |
| 650 #7 - ASIENTO SECUNDARIO DE MATERIA - TERMINO TEMATICO [R] | |
| 9 (RLIN) | 19031 |
| Término temático o nombre geográfico como elemento de entrada [NR] | Matemáticas |
| Subdivisión general [R] | Enseñanza secundaria |
| Subdivisión geográfica [R] | Caqueta, (Colombia) |
| 650 #7 - ASIENTO SECUNDARIO DE MATERIA - TERMINO TEMATICO [R] | |
| 9 (RLIN) | 19031 |
| Término temático o nombre geográfico como elemento de entrada [NR] | Matemáticas |
| Subdivisión general [R] | Educación |
| Subdivisión geográfica [R] | Caqueta, (Colombia) |
| 650 #7 - ASIENTO SECUNDARIO DE MATERIA - TERMINO TEMATICO [R] | |
| 9 (RLIN) | 13832 |
| Término temático o nombre geográfico como elemento de entrada [NR] | Educación fundamental |
| Subdivisión geográfica [R] | Caqueta, (Colombia) |
| 650 #7 - ASIENTO SECUNDARIO DE MATERIA - TERMINO TEMATICO [R] | |
| 9 (RLIN) | 13785 |
| Término temático o nombre geográfico como elemento de entrada [NR] | Educación basada en competencias |
| Subdivisión geográfica [R] | Caqueta, (Colombia) |
| 690 #0 - ASUNTO AGREGADO LOCAL DE ENTRADA - TÉRMINO TEMÁTICO (OCLC, RLIN) | |
| Acceso temático local | Teoría de la educación |
| 9 (RLIN) | 25273 |
| 700 1# - ASIENTO SECUNDARIO - NOMBRE PERSONAL [R] | |
| Nombre personal [NR] | Coronado, Arnulfo |
| 9 (RLIN) | 77430 |
| 700 1# - ASIENTO SECUNDARIO - NOMBRE PERSONAL [R] | |
| Nombre personal [NR] | Giraldo Ospina, Albeiro |
| 9 (RLIN) | 77431 |
| 942 ## - ELEMENTOS DE ENTRADA AGREGADOS (KOHA) | |
| Tipo de ítem principal el descrito en 300a | Libro |
| Sistema de clasificación | DEWEY |
| Tema principal | Educación |
| Edición | 1 |
| Clasificación | 372.7 O691d |
| Parte restante de la signatura top. | O691d |
| Total préstamos | Signatura topográfica | Código de barras | Última vez visto | Ejemplar | Costo de reposición | Price effective from | Tipo de ítem | Perdido | Sistema de clasificación | Dañado | No prestable | Tipo de ítem específico | Suprimido | Ubicación habitual | Ubicación actual | Localización | Fecha de creación | Proveedor | Forma de adquisición | Costo |
|---|---|---|---|---|---|---|---|---|---|---|---|---|---|---|---|---|---|---|---|---|
| 372.7 O691d | 100149097 | 05/12/2025 | Ej.1 | 26000.00 | 16/05/2016 | Libro | DEWEY | Libro | Claustro | Claustro | 2do piso | 16/05/2016 | 12 | Donación | 0.00 |